000 00766cam a2200229 a 4500
001 2088217
005 20180209070821.0
008 950613s1996 nju b 001 0 eng
010 _a 95031409
020 _a1560002328 (cloth : acidfree paper)
040 _aDLC
_cDLC
_dDLC
041 _aeng
080 _a305.31
082 0 0 _a305.31 DEN
_220
100 1 _a19
101 _aSHP
245 1 0 _aTransforming men :
_cGeoff Dench.
504 _aIncludes bibliographical references (p. [253]-266) and index.
906 _a7
_bcbc
_corignew
_d1
_eocip
_f19
_gy-gencatlg
942 _2ddc
_cBK
999 _c42247
_d42247